Zmeny zákona o dani z príjmov od 1.1.2012
Úpravy a zmeny zákona o dani z príjmov účinné od 1.1.2012, ktoré vyplývajú z noviel č. 331/2011 Z.z. a č. 548/2011 Z.z.
Salvato in:
| Autore principale: | |
|---|---|
| Altri autori: | |
| Natura: | Capitolo di libro |
| Lingua: | slovacco |
| Soggetti: | |
| Tags: |
Nessun Tag, puoi essere il primo ad aggiungerne!!
|
MARC
| LEADER | 00000naa a2200000 4500 | ||
|---|---|---|---|
| 001 | 0147980 | ||
| 005 | 20231114101909.1 | ||
| 041 | 0 | |a slo | |
| 044 | |a SK | ||
| 245 | 1 | 0 | |a Zmeny zákona o dani z príjmov od 1.1.2012 |c Zdenka Kováčová, Viera Mezeiová |
| 520 | |a Úpravy a zmeny zákona o dani z príjmov účinné od 1.1.2012, ktoré vyplývajú z noviel č. 331/2011 Z.z. a č. 548/2011 Z.z. | ||
| 610 | 2 | 0 | |a dane z príjmov |
| 610 | 2 | 0 | |a zákony |
| 610 | 2 | 0 | |a Slovensko |
| 610 | 2 | 0 | |a novelizácia |
| 100 | 1 | |a Kováčová, Zdenka | |
| 700 | 1 | |a Mezeiová, Viera | |